• 首页
  • 本馆介绍
  • 公告通知
  • 最新文献
  • 馆藏检索
  • 电子资源
  • 读者导购
  • 参考咨询
  • 我的图书馆
  • 登录
  • 详细信息显示
  • 放入我的书架
  • 预约/预借图书
  • 作者相关作品
  • 分类相关作品
  • 丛书相关作品
  • 出版社相关作品

书目信息

  • 表格格式
  • 工作单格式
  • 卡片格式
题名:
广义系统正实控制与随机控制的相关问题研究
    
 
作者: 靖新 , 邢双云 著
分册:  
出版信息: 北京   科学出版社  2018.06
页数: 152页
开本: 24cm
丛书名:
单 册:
中图分类: N941.1 , N94
科图分类:
主题词: 广义系统理论--guang yi xi tong li lun--研究
电子资源:
ISBN: 978-7-03-056086-5
000 01157nam0 2200253 450
001 2241015143
005 20221020112402.77
010    @a978-7-03-056086-5@dCNY74.00
100    @a20220707d2018 em y0chiy50 ea
101 0  @achi
102    @aCN@b110000
105    @aa a 000yy
200 1  @a广义系统正实控制与随机控制的相关问题研究@Aguang yi xi tong zheng shi kong zhi yu sui ji kong zhi de xiang guan wen ti yan jiu@f靖新, 邢双云著
210    @a北京@c科学出版社@d2018.06
215    @a152页@c图@d24cm
320    @a有书目
330    @a本书介绍了广义系统的正实控制和随机控制方面的研究成果。全书共7章, 主要内容包括: 广义系统的应用背景、广义系统理论的研究现状及研究方法、广义系统的正实性与稳定性理论、正实性与无源性和耗散性之间的关系、广义随机系统控制、广义系统的正实性分析与检验算法、连续和离散广义系统的正实控制、广义大系统保持正实性的模型降阶、不确定广义时滞系统的鲁棒正实控制、广义随机系统的有限时间H∞控制等。
606 0  @a广义系统理论@Aguang yi xi tong li lun@x研究
690    @aN941.1@v5
690    @aN94@v4
701  0 @a靖新@Ajing xin@4著
701  0 @a邢双云@Axing shuang yun@4著
801  0 @aCN@b人天书店@c20220707
905    @aZUCC@dN94@e5
    
    广义系统正实控制与随机控制的相关问题研究/靖新, 邢双云著.-北京:科学出版社,2018.06
    152页:图;24cm
    
    
    ISBN 978-7-03-056086-5:CNY74.00
    本书介绍了广义系统的正实控制和随机控制方面的研究成果。全书共7章, 主要内容包括: 广义系统的应用背景、广义系统理论的研究现状及研究方法、广义系统的正实性与稳定性理论、正实性与无源性和耗散性之间的关系、广义随机系统控制、广义系统的正实性分析与检验算法、连续和离散广义系统的正实控制、广义大系统保持正实性的模型降阶、不确定广义时滞系统的鲁棒正实控制、广义随机系统的有限时间H∞控制等。
●
相关链接 在五车中查询图书 在当当中查询图书 在豆瓣中查询图书


正题名:广义系统正实控制与随机控制的相关问题研究     索取号:N94/5         预约/预借

序号 登录号 条形码 馆藏地/架位号 状态 备注
1 2000915254   2000915254   第三书库/ [索取号:N94/5] 在馆    
2 2000915255   2000915255   第三书库/ [索取号:N94/5] 在馆    
3 2000915256   2000915256   第三书库/ [索取号:N94/5] 在馆    
山东省滨州职业学院图书馆 欢迎您!
大连网信软件有限公司© 版权所有